000 00531nam a22001817a 4500
005 20251108175721.0
008 250721s2019 xx 000 0 ara d
082 1 4 _aط/ق/سعد
100 1 _aالسعدي، دانيازاد
245 1 0 _aأحلام باتي /
264 _bHOME APPLIED TRINING،
_c2019.
300 _a16 ص.
490 0 _aسلسة العبر الأخلاقية
650 1 7 _aالقصص القصيره
653 _aاطفال مرحلة متوسطه (6-9)سنه
942 _2ddc
_cBK
999 _c140708
_d140708